| 000 | 004390000a22001810004500 | ||
|---|---|---|---|
| 003 | MACL | ||
| 005 | 20150902164354.0 | ||
| 008 | 150902b xxu||||| |||| 00| 0 eng d | ||
| 040 |
_aMACL _cMACL |
||
| 041 | _aEnglish | ||
| 082 | _a800/RED | ||
| 100 |
_aReddy, Indrasena _98772 |
||
| 245 | _aThe Novels Of Achebe And Ngugi | ||
| 260 |
_bPrestige Books _c1994 _aDelhi |
||
| 350 | _a250 | ||
| 650 |
_aLiterature _98773 |
||
| 942 |
_cBK _k800 _2ddc |
||
| 999 |
_c4269 _d4269 |
||